000 00709nam a2200289Ia 4500
005 20260121125446.0
008 008 260114s9999 xx 000 0 eng d
020 _a9783110455045
037 _aEBOOK
040 _aCRL
040 _beng
040 _cCRL
041 _2eng
041 _aeng
084 _qCRL
100 _aBrendecke, Arndt
_9993311
245 4 _aThe End of Fortuna and the Rise of Modernity
260 _bWalter de Gruyter
260 _bWalter de Gruyter
260 _c2017
650 _aHistory
_9993312
700 _a Vogt, Peter
_9993313
856 _uhttp://www.degruyter.com/isbn/9783110455045
942 _cEBOOK
999 _c1562180
_d1562180